000 00483 a2200169 4500
001 144291
040 _cLeonardo Da Vinci
041 _aPortuguês
_aPortuguês
_aPortuguês
082 _aAP469.5 R611p
_bR611p
100 _aRODRIGUES, Antonio Medina
_aCASTRO, Dácio Antonio de
245 _aPortuguês 15
_bliteratura
260 _bAnglo
_c2003
_aSão Paulo
362 _a20030000
500 _alivro texto
697 _aO modernismo no Brasil
_aLiteratura brasileira
942 _cBK
999 _c144291
_d144291